| 000 | 00433nam a22001697a 4500 | ||
|---|---|---|---|
| 003 | OSt | ||
| 008 | 230304b |||||||| |||| 00| 0 eng d | ||
| 020 | _a9788176222532 | ||
| 041 | _aeng | ||
| 082 |
_a664.07 _bJHA/SA |
||
| 100 |
_aJha,Shyam N. _9874 |
||
| 100 |
_aYogesh Kumar _9875 |
||
| 245 | _aSafety And Working Procedures in Food analysis Laboratory | ||
| 260 |
_aNew Delhi _bBiotech Books _c2012 |
||
| 300 | _a296 | ||
| 942 | _cBK | ||
| 999 |
_c14503 _d14503 |
||